000 00247nam a2200109Ia 4500
008 190216s9999||||xx |||||||||||||| ||und||
100 _aKarunan
245 0 _aMalayalam-Pongachasanchi
260 _bNbs Kottayam
650 _aMalayalam
942 _cBK
999 _c25165
_d25165